000 00993nam a22002897a 4500
005 20110802150716.0
008 110802t xxu||||| |||| 00| 0 eng d
010 _aENG-103197
020 _a9780071332675
_c525.00
020 _a0071332677
_c525.00
035 _aEN-86730
037 _bDBAD / PUB
040 _adpl
_bEnglish
082 _a338.5
100 _929868
_aSchiller, Bradley R.
_d1943-
245 _aThe micro economy today /
_cby Bradley R. Schiller
246 _aMicroeconomy today
250 _a11th ed
260 _aNew Delhi
_bTata McGraw Hill
_c2011
270 _a7, West Patel Nagar
_bNew Delhi
_e110008
300 _aVarious pagings :
_c28cm (pbk)
_bill.
650 _929869
_aMicroeconomics.
651 _91549
700 _929871
942 _2ddc
_cEN
_mSCH
_h338.5
999 _c54713
_d54713